| 000 | 00667nam a22002057a 4500 | ||
|---|---|---|---|
| 003 | OSt | ||
| 005 | 20260210085737.0 | ||
| 008 | 260210b |||||||| |||| 00| 0 eng d | ||
| 020 | _a978-981-48-3981-5 | ||
| 040 |
_aDWC-Main lib _cOC |
||
| 082 |
_2eight edition _aCirc. 515.1 O58a 2019 |
||
| 100 | _aO'neil, Peter V. | ||
| 245 |
_aAdvanced engineering mathematics/ _cPeter V. O'neil |
||
| 250 | _aeight edition | ||
| 260 |
_aSingapore : _b Cengage learning Asia pte ltd _c, c2019. |
||
| 300 |
_axviii, 839 pages : _b illustrations ; _c25cm. |
||
| 504 | _aIncludes index | ||
| 650 | _a1. Engineering mathematics | ||
| 942 |
_2ddc _cBK-CIRC _eeight edition _kCirc. _n0 |
||
| 999 |
_c8350 _d8350 |
||